000 00339nam a2200133Ia 4500
008 240624s9999 xx 000 0 und d
041 _aeng
082 _a658.5 BHA
100 _aBHAT K SHRIDHARA
245 _aOPERATIONS MANAGEMENT
260 _c2009
_aMumbai
_bHimalaya Books Pvt. Ltd.
300 _a656 : p. : cm. ; 23
365 _cRS
_b25
999 _c14870
_d14870